Дело о доставлении во временную контрольную комиссию разных сведений о постройке местных университетских зданий

Доступно только в Электронных читальных залах Найти на картеНа карте
RUSMARC
00003717nmc2a22002413x 450
00167a83751-f976-4ceb-a997-d04a09f0c08b
00520260203021028.0
100##$a20250723l18301831k l0rusy0189 ca
1010#$arus
102##$aRU
105##$ay###
1222#$ad
2001#$aДело о доставлении во временную контрольную комиссию разных сведений о постройке местных университетских зданий
$j23 сентября 1830 г. - 24 февраля 1831 г.
215##$a24 л.
$d36,5х26 см
251##$cДело
300##$aНа бланке обложки указано: "Отделение четвертое. Стол"
371##$aДокумент не является опубликованным и широко распространяемым
461#0$1001a74412a3-3cc5-4d21-8f0a-dfe2fbd9e72d
$12001
$aДепартамент народного просвещения Министерства народного просвещения (1803-1917)
$1251
$cФонд
$1852
$j733
462#0$1001ccc93d8c-a161-4593-b7db-1a3e4c2bc189
$12001
$aДела счетного отделения Департамента народного просвещения за 1819-1838 годы
$1251
$cОпись
$1852
$j111
801#0$aRU
$bРГИА
$c20250723
$gRCR
801#1$aRU
$bГлавНИВЦ
$c20250723
$2rusmarc
801#2$aRU
$bПБ им. Б.Н. Ельцина
$c20260203
$gRCR
$2rusmarc
850##$aРГИА
852##$aРГИА
$eФедеральное казенное учреждение "Российский государственный исторический архив" (РГИА)
$j575
937##$hРГИА
$d12095149
$aASBIBLIO_SCAN
035##$aRusGRCC00088847
856##$uhttp://readingroom.main.prlib.ru/item.aspx?id_node=n200340011&mode=full
Формат отображения